| 000 | 00839nam a2200253Ia 4500 | ||
|---|---|---|---|
| 003 | OSt | ||
| 005 | 20220923211229.0 | ||
| 006 | a|||||r|||| 00| 0 | ||
| 007 | ta | ||
| 008 | Pun | ||
| 020 |
_a9788171165889 (hbk) _c200 |
||
| 024 | _a281,526 | ||
| 037 |
_b857, 12/08/2014, H.K. Prakashan _cTextual |
||
| 040 |
_aARTS _cARTS _bPun |
||
| 041 |
_2Pun _aPun |
||
| 082 | _aO153,6N37:g, Q2 | ||
| 100 | _aਮਨਮੀਤ ਕੌਰ | ||
| 245 | 0 | _aਰਵਿੰਦਰ ਰਵੀ ਦਾ ਸਖ਼ਰਨਾਮਾ ਸਿਮਰਤੀਆਂ ਦੇ ਦੇF | |
| 260 |
_aਦਿੱਲੀ _b ਨੈFਨਲ ਬੁਕ Fਾਪ _c2014 |
||
| 300 |
_a128ਪੰ _ccm. |
||
| 650 | _aਪੰਜਾਬੀ ਸਾਹਿਤ | ||
| 942 |
_hO153,6N37:g, Q2 _cTEXL _2CC |
||
| 999 |
_c297336 _d297336 |
||